| LEADER | 01052cam a2200301 a 4500 | ||
|---|---|---|---|
| 001 | u143114 | ||
| 003 | SIRSI | ||
| 008 | 920224s1957 us a v 00 1 eng m | ||
| 035 | |a AAQ-6334 | ||
| 040 | |a UMM | ||
| 043 | |a a-br--- | ||
| 043 | |a a-ii--- | ||
| 043 | |a a-pk--- | ||
| 090 | |a QK629 |b P7Muk | ||
| 091 | |a Microfiche 401 | ||
| 100 | 1 | 0 | |a Mukherajea, Sukumar. |
| 245 | 1 | 2 | |a A manual of the genus Fomes for India, Pakistan and Burma / |c Sukumar Mukherjea. |
| 260 | |a [Syracuse, N. Y.], |c 1957. | ||
| 300 | |a iii, 90 leaves : |b illus. ; |c 29 cm. | ||
| 500 | |a Photocopy. | ||
| 500 | |a Microfiche (negative) Kuala Lumpur, University of Malaya Library, 1973. 2 fiche. 11 x 15 cm. | ||
| 502 | |a Thesis (Ph.D.) -- Syracuse University, 1957. | ||
| 504 | |a Bibliography: leaves 83-84. | ||
| 650 | 0 | |a Fomes. | |
| 948 | |a 24/02/1992 |b 13/06/2002 | ||
| 596 | |a 1 | ||
| 999 | |a QK629 P7MUK |w LC |c 1 |i A003085736 |l STACKS |m P01UTAMA |r Y |s Y |t TESIS |u 9/3/1992 | ||
| 999 | |a QK629 P7MUK COPY [F] |w LC |c 1 |i A001995293 |l B_KOM1 |m P01UTAMA |r Y |s Y |t BUKU |u 6/12/1995 |o .CIRCNOTE. BKOM 1:055571 | ||
